Krauses food nutrition and diet therapy Ed 8 (Record no. 170343)

MARC details
000 -LEADER
fixed length control field 00633nam a2200229Ia 4500
003 - CONTROL NUMBER IDENTIFIER
control field OSt
005 - DATE AND TIME OF LATEST TRANSACTION
control field 20230426114121.0
008 - FIXED-LENGTH DATA ELEMENTS--GENERAL INFORMATION
fixed length control field 210423s1992 xx 000 0 und d
020 ## - INTERNATIONAL STANDARD BOOK NUMBER
International Standard Book Number 0-7216-5508-4
040 ## - CATALOGING SOURCE
Transcribing agency AL
041 ## - LANGUAGE CODE
Language code of text/sound track or separate title eng
082 ## - DEWEY DECIMAL CLASSIFICATION NUMBER
Classification number 613.28
Edition number 23
Item number MAHK
100 ## - MAIN ENTRY--PERSONAL NAME
Personal name MAHAN (Kathleen L);ARLIN (Marian T)
9 (RLIN) 93303
245 ## - TITLE STATEMENT
Title Krauses food nutrition and diet therapy Ed 8
250 ## - EDITION STATEMENT
Edition statement 8
260 ## - PUBLICATION, DISTRIBUTION, ETC.
Place of publication, distribution, etc. Philadelphia
Name of publisher, distributor, etc. W B Saunders Company
Date of publication, distribution, etc. 1992
300 ## - PHYSICAL DESCRIPTION
Extent xxxvi,933
Other physical details HB
365 ## - TRADE PRICE
Price amount 8500
Currency code INR
650 ## - SUBJECT ADDED ENTRY--TOPICAL TERM
Topical term or geographic name entry element Health Promotion
9 (RLIN) 93304
906 ## - LOCAL DATA ELEMENT F, LDF (RLIN)
a diet ; food ; Krauses ; nutrition ; therapy
942 ## - ADDED ENTRY ELEMENTS (KOHA)
Source of classification or shelving scheme Dewey Decimal Classification
Koha item type Book
Holdings
Withdrawn status Lost status Damaged status Not for loan Collection code Home library Current library Date acquired Source of acquisition Cost, normal purchase price Total Checkouts Full call number Barcode Date last seen Date last checked out Price effective from Koha item type
        Food Science Nutrition & Dietetics St Aloysius PG Library St Aloysius PG Library 09/25/2019 Biblios Book Point 8500.00 5 613.28 MAHK PG016845 01/31/2026 01/24/2026 04/26/2021 Book